Techniques and resources in teaching writing /

Bewaard in:
Bibliografische gegevens
Hoofdauteur: Raimes, Ann
Formaat: Onbekend
Taal:English
Gepubliceerd in: Oxford University Press, 1983.
Onderwerpen:
Tags: Voeg label toe
Geen labels, Wees de eerste die dit record labelt!
Thư viện lưu trữ: Mạng thư viện Đại học Đà Nẵng
LEADER 00940na a2200277 4500
001 000030570
003 4166
005 20250918164228.0
008 151001s1983 000 eng
020 |a 9780194341318 
041 |a eng 
082 |a 420.8  |b RA-A 
100 |a Raimes, Ann 
245 0 |a Techniques and resources in teaching writing /  |c Ann Raimes. 
260 |a Oxford University Press,  |c 1983. 
300 |a 164. : ill ; 25cm. 
650 |a Techniques resources writing  |a writing 
OWN |a LNN 
AVA |a UDN50  |b LNN  |c English  |d 420.8 RA-A  |e available  |t Error 5001 Not defined in file expand_doc_bib_avail.  |f 1  |g 0  |h N  |i 0  |j AN  |k 1 
999 |a From the UDN01 
AVA |a UDN50  |b LNN  |c English  |d 420.8 RA-A  |e available  |t Error 5001 Not defined in file expand_doc_bib_avail.  |f 1  |g 0  |h N  |i 0  |j AN  |k 1 
TYP |a Printed language 
980 |a Mạng thư viện Đại học Đà Nẵng